000 00465nam a2200169 i 4500
001 35561
003 ES-MaACL
005 20250804063354.0
007 t|
008 030213s1963 ag ||||1| spa d
100 1 _aBosch, Andrés,
_d1926-1984
_9160182
245 1 3 _aLa revuelta /
_cAndrés Bosch.
260 _aBuenos Aires :
_bPlaza & Janés,
_c[1963]
300 _a232 p. ;
_c22 cm.
852 _aES-MaACL
_jC-23395
_bR.52048
999 _c35561
_d35561